| 000 | 01805cam a2200337 a 4500 | ||
|---|---|---|---|
| 001 | 15871330 | ||
| 003 | OSt | ||
| 005 | 20251208164949.0 | ||
| 008 | 090818s2010 cou b 000 0 eng | ||
| 010 | _a 2009033370 | ||
| 020 | _a9781600062803 | ||
| 035 | _a15871330 | ||
| 040 |
_aDLC _cDLC _dDLC |
||
| 050 | 0 | 0 |
_aBV4511 _b.K47 2010 |
| 082 | 0 | 0 |
_a253.5 _222 |
| 245 | 0 | 4 |
_aThe kingdom life : _ba practical theology of discipleship and spiritual formation / _cAlan Andrews, general editor. |
| 260 |
_aColorado Springs, CO : _bNavPress, _cc2010. |
||
| 300 |
_a332 p. ; _c24 cm. |
||
| 336 |
_atext _btxt _2rdacontent |
||
| 337 |
_aunmediated _bn _2rdamedia |
||
| 338 |
_avolume _bnc _2rdacarrier |
||
| 504 | _aIncludes bibliographical references (p 315-328). | ||
| 505 | 0 | _aIntroduction: the journey of tact / Alan Andrews with Christopher Morton -- The Gospel of the kingdom and spiritual formation / Dallas Willard -- Communities of grace / Bill Thrall and Bruce McNicol -- The transformational process / Keith J. Matthews -- Spiritual formation from the inside out / Bill Hull -- Whole-life transformation / Keith Meyer -- Formed through suffering / Peggy Reynoso -- Participating in God's mission / Paula Fuller -- The Trinity as foundation for spiritual formation / Bruce Demarest -- The Holy Spirit and spiritual formation / Michael Glerup -- The Bible in spiritual formation / Richard E. Averbeck -- Epilogue / Alan Andrews with Christopher Morton. | |
| 650 | 0 | _aSpiritual formation. | |
| 650 | 0 | _aDiscipling (Christianity) | |
| 700 | 1 |
_aAndrews, Alan _q(Alan K.) |
|
| 906 |
_a7 _bcbc _corignew _d1 _eecip _f20 _gy-gencatlg |
||
| 942 |
_2lcc _cBK |
||
| 999 |
_c20977 _d20976 |
||